| 000 | 00860nam a22002417a 4500 | ||
|---|---|---|---|
| 999 |
_c4674 _d4674 |
||
| 003 | AR-CdUCM | ||
| 008 | 190311b ||||| |||| 00| 0 spa d | ||
| 040 |
_aMUNICIPALIDAD PROVINCIAL DEL CUSCO _cBIBLIOTECA MUNICIPAL DEL CUSCO |
||
| 041 | _hfre | ||
| 082 |
_a946.04 / _bL24 |
||
| 100 |
_aLapeyre, Henri _914530 |
||
| 245 | _aCarlos Quinto / | ||
| 260 |
_aBarcelona : _bOikos-tau, _c1972. |
||
| 300 |
_a122 páginas ; _c18 cm. |
||
| 440 |
_aColección ¿qué sé?. _n65 _914531 |
||
| 505 | _aContenido: Carlos Quinto: el personaje -- La rivalidad de los Habsburgo y de los Valois -- La lucha contra los infieles -- España -- La Italia española ... | ||
| 650 |
_aCarlos Quinto _914532 |
||
| 650 |
_aRey de España 1500-1558 _914533 |
||
| 650 |
_aBiografía _922 |
||
| 700 |
_aBosch, J. Garcia (traducción) _914534 |
||
| 942 |
_2ddc _cLIBROS |
||
| 945 | _aachl | ||